000 00332pab a2200145 454500
008 180718b1997 xxu||||| |||| 00| 0 eng d
100 _aKapoor, H.L.
245 _aWomen in custody: safeguards against detention
260 _c1997
300 _ap.8
362 _a1 Mar
650 _aWomen
773 _aStatesman
909 _a34358
999 _c34358
_d34358